000
00265nam a22000857a 4500
008
170527b xxu||||| |||| 00| 0 eng d
100
_9
3132
_a
M. G. Lanham
245
_a
Snatched From the Dragon: The Story of an African indian
260
_a
New York
_b
Thomas Publication
_c
1971
999
_c
6424
_d
6424